000 01046nam a2200301 i 4500
003 DO-SdBNP
005 20240703092156.0
007 ta
008 240523s2023 dr a r 000 f spa d
020 _a9789945250763
040 _aDO-SdBNP
_bspa
_cBNPHU
_erda
082 4 _aRD863.44
_bL129e 2023
_222
100 1 _aLacay Polanco, Ramón,
_d1918-1986
_eautor
_923155
245 1 0 _aEn su niebla /
_cRamón Lacay Polanco ; prólogo, William Capellán.
264 1 _aSanto Domingo :
_bArchivo General de la Nación,
_c©2023.
300 _a140 páginas :
_bilustraciones ;
_c23 cm.
336 _2rdacontent
_atexto
_btxt
337 _2rdamedia
_asin mediación
_bn
338 _2rdacarrier
_avolumen
_bnc
490 0 _aJuvenil ;
_v31
500 _aIncluye datos biográficos del autor en las solapas.
590 _aInventariado, 2024/ YL
650 0 _aNovela dominicana
_9223
650 0 _aLiteratura dominicana.
_967
700 1 _aCapellán, William,
_976573
_eprólogo
910 _aYlockward/ Validado. Control de calidad MFF
942 _2ddc
_cLBS1
999 _c56742
_d56742